000 00308nam a22001337a 4500
008 170601b xxu||||| |||| 00| 0 eng d
020 _a9780132256940
041 _aeng
080 _25TH
_a94(7/8)
100 _a17
101 _aSHH
245 _aJUVENILE JUSTICE IN AMERICA
_cBARTOLLAS, C
942 _2udc
_cBK
999 _c15425
_d15425